US states in pieces - Statistics

General Stats
  • This quiz has been taken 38 times
    15 since last reset
  • The average score is 13 of 14
Answer Stats
Hint Answer % Correct
LOR Florida
100%
ANS Kansas
100%
EWH New Hampshire
100%
EWJ New Jersey
100%
EWM New Mexico
100%
REG Oregon
100%
HCA North Carolina
92%
HOD Rhode Island
92%
IFO California
85%
NSY Pennsylvania
85%
ERM Vermont
85%
OMI Wyoming
85%
NES Minnesota
77%
SAC Massachusetts
62%
No matching quizzes found
Score Distribution
Percent of People with Each Score
Percentile by Number Answered
Your Score History
You have not taken this quiz since the last reset